Approved Development Programme (Record no. 68357)

MARC details
000 -LEADER
fixed length control field 00813cam a2200193 4500
001 - CONTROL NUMBER
control field WB3736-24
008 - FIXED-LENGTH DATA ELEMENTS--GENERAL INFORMATION
fixed length control field 010925n2001 000 0 eng u
035 ## - SYSTEM CONTROL NUMBER
System control number (Sirsi) u114820
245 ## - TITLE STATEMENT
Title Approved Development Programme
260 ## - PUBLICATION, DISTRIBUTION, ETC.
Date of publication, distribution, etc. 2001
490 ## - SERIES STATEMENT
Series statement Housing Today
Volume/sequential designation (252) 20 September 2001, 2&4(1)
520 ## - SUMMARY, ETC.
Summary, etc. The Housing Corporation has extended the deadline for the Approved Development Programme from 6 October to 31 October 2001 after RSLs complained the earlier date was unworkable. RSLs have also criticised the corporation for the inflexibility of the grant rate calculator and poor customer service.
590 ## - LOCAL NOTE (RLIN)
Local note WB
650 ## - SUBJECT ADDED ENTRY--TOPICAL TERM
Topical term or geographic name entry element APPROVED DEVELOPMENT PROGRAMME
650 ## - SUBJECT ADDED ENTRY--TOPICAL TERM
Topical term or geographic name entry element HOUSING ASSOCIATIONS
650 ## - SUBJECT ADDED ENTRY--TOPICAL TERM
Topical term or geographic name entry element REGISTERED SOCIAL LANDLORDS
690 ## - LOCAL SUBJECT ADDED ENTRY--TOPICAL TERM (OCLC, RLIN)
Topical term or geographic name as entry element Affordable housing
9 (RLIN) 6215
942 ## - ADDED ENTRY ELEMENTS (KOHA)
Suppress in OPAC 0
Holdings
Withdrawn status Lost status Source of classification or shelving scheme Damaged status Not for loan Home library Current library Shelving location Date acquired Total Checkouts Full call number Barcode Date last seen Copy number Price effective from Koha item type
    Dewey Decimal Classification     London London News article 25/09/2001   WB3736-24 114820-1001 06/08/2019 1 06/08/2019 News article